| 000 | 01214 a2200253 4500 | ||
|---|---|---|---|
| 005 | 20081107102044.0 | ||
| 008 | 081107t xxu||||| |||| 00| 0 ur d | ||
| 010 | _aUR-7435 | ||
| 020 |
_a8182233240 _c175.00 |
||
| 035 | _aU-5990 | ||
| 037 | _bD.B.Act / Pub | ||
| 082 | _a841.08 | ||
| 100 | _aحامدی کا شميری | ||
| 245 |
_aاکتشاف و استد لال _cحا مدی کا شميری:مرتبہ مصرہ مريم _bحا مدی کا شميری کے تنقيدی مقا لات |
||
| 246 |
_aIkteshaf -o-Istadlal(Hamidi Kashmiri Ke Tanqeedi Maqalat) _bby Hamidi Kashmiri |
||
| 260 |
_aدھلی _bايجو کيشنل پبليشنگ ہا ؤس _c2007 |
||
| 270 |
_a3108،وکيل اسٹر يٹ کو چہ پنڈ ت لال کنو اں _bدھلی _e110006 _k23216162 _l009101123211540 _minfo@phbooks.com,ephdelhi@yahoo.com |
||
| 300 |
_a199p. _c22 cm (Pbk) |
||
| 650 | _aCritical Poetry | ||
| 650 | _aتنقيدی شا عری | ||
| 700 | _aمرتبہ مصرہ مريم | ||
| 942 |
_adpl _cUR _2ddc _h841.08 _mح ا م |
||
| 999 |
_c7239 _d7239 |
||